LEADER 01303nam a2200289 4500 001 000000348858 003 CaOOAMICUS 005 20211210135943.0 008 211210s2002 fr 000 u fre r 020 $a2-7116-1562-6 040 $aSeMil$bita 100 1 $aCôté, Antoine.$0(OLS)http://semarc/name/115193 245 12$aL'infinité divine dans la théologie médiévale (1220-1255) /$cpar Antoine Côté. 264 1$aParis :$bJ. Vrin,$c2002. 300 $a269 p. ;$c24 cm 490 1 $aÉtudes de philosophie médiévale ;$v84 650 4$aDio - Concezione filosofica - Medioevo.$0(OLS)http://semarc/subject/51390 650 4$aInfinità divina.$0(OLS)http://semarc/subject/51389 650 4$aTeologia medievale.$0(OLS)http://semarc/subject/367 650 4$aTeologia e filosofia.$0(OLS)http://semarc/subject/4797 830 0$aÉtudes de philosophie médiévale ;$v84.$0(OLS)http://semarc/title/8154 850 $aSeMil 852 $aSeMil$W1$xVenegono$y1$m2Q IV 114$j230398$B239956$CSeMilBibl$Z2$F239956 $81 996 $6020$a2-7116-1562-6$9(OLS)http://semarc/number/294852 996 $6245$aL'infinité divine dans la théologie médiévale (1220-1255)$9(OLS)http://semarc/title/438349 996 $6264$aParis :$bJ. Vrin$9(OLS)http://semarc/publisher/30215 LEADER 01011nam a2200205 i 4500 001 000000029960 003 CaOOAMICUS 005 20180830125448.0 008 180830s1928 sp u000 u und u 040 $aSeMil$bita 100 1 $aObiols, Salvador.$0(OLS)http://semarc/name/13696 245 13$aEl grec del Nou Testament /$cdom Salvador Obiols. 260 $a[Montserrat] :$bAbadia de Montserrat,$c1928-1929. 300 $a2 v. ;$c19 cm. 650 4$aBibbia - NT - Lingua greca - Grammatica.$0(OLS)http://semarc/subject/4321 773 0 $tPublicacions Biblia de Montserrat. Serie A.$d[Montserrat] : Abadia de Montserrat, 1928.$w()29959 774 0 $aObiols, Salvador$tCompendi gramatical.$kPublicacions Biblia de Montserrat. Serie A$g1$w()229998 774 0 $aObiols, Salvador$tFragments escollits.$kPublicacions Biblia de Montserrat. Serie A$g2$w()229999 996 $6245$aEl grec del Nou Testament$9(OLS)http://semarc/title/40763 996 $6260$a[Montserrat] :$bAbadia de Montserrat$9(OLS)http://semarc/publisher/38304